01049 a2200205 45000010006000000050017000060080041000230030015000640400040000790800072001192450064001910200022002552500012002772640038002893000026003275050355003530410008007081000028007168560099007445935720260407155847.0260407a2006 arg spa dAR-UNSa-BCEJYS aAR-UNSa-BCEJYSbspacAR-UNSa-BCEJYS a35.077.3xProcedimiento administrativo (licitación pública...) 10aLa licitación públicapNociones. Principios. Cuestiones a978-987-592-128-3 a2a. ed. 1aBuenos Aires :bLexis Nexisc2006 axviii, 347 p.c22 cm. a1. Naturaleza jurídica - 2. El llamado a licitación - 3. Principios que rigen la licitación pública - 4. Licitación pública: ¿principio o excepción? - 5. La impugnación administrativa de los pliegos de bases y condiciones - 6. La adjudicación. Decisión reglada o discrecional - 7. Extinción del llamado a licitación pública aspa1 aComadira, Julio Rodolfo41uhttps://www.biblioeco.unsa.edu.ar/pmb/images/libros/L129067.jpgyImagen de portadaqimage/jpeg